000 00850nam a2200241 a 4500
003 DO-SdBNP
005 20220920150924.0
007 ta
008 220920e2017 dr ||||gr|||| 001 0 spa d
040 _aDO-SdBNP
_bspa
_cBNPHU
082 4 _222
_bC748c
111 2 _aConferencia del Episcopado Dominicano
_d(2004: 21 :
_cSanto Domingo)
_982410
245 1 0 _aCarta pastoral:
_bla mujer en la sociedad dominicana. /
260 _aSanto Domingo :
_bAmigo del Hogar,
_c[2017]
300 _a[27] p. ;
_c21 cm.
500 _aBibliografía y notas al pié de páginas.
590 _aInventariado 2022 / MF
650 4 _940653
_aMujeres
_xActitudes
_zRepública Dominicana
650 4 _912345
_aMujeres
_xHistoria
_zRepública Dominicana
650 0 _938243
_aMujeres
_xCuestiones Sociales y Morales
_zRepública Dominicana
910 _aMFeliz
942 _2ddc
_cLF2
999 _c52429
_d52429